000 01014naa a2200265 a 4500
999 _c322730
_d322730
003 BLK
005 20250616120650.0
008 180829b bul||||| |||| 00| 0 bul d
020 _a978-619-157-230-4
040 _aBLK
041 _aBUL
_cBUL
080 _aАмериканска литература (на САЩ)
_b821.111(73)
_x-311.6
_z821.111(73)-311.6
100 _aМаклейн, Сара
139 _bМ 19
245 _aРозата на любовта
_cСара Маклейн ; Прев. Силвия Желева
260 _bИбис
_c2018
_aСофия
300 _a358 с.
_c21 см
380 _aX
490 _9206596
_aКолекция Златни исторически любовни романи
500 _aОриг. загл. One good earl deserves a lover / Sarah MacLean
700 _aЖелева, Силвия Вангелова
_9325826
765 _aOne good earl deserves a lover
942 _cKNG
_2udc
_n0
_0125
944 _k30576
_lЦветомила Тодорова